All 300K+ Cities in Nigeria - Statistics

General Stats
  • This quiz has been taken 17 times
  • The average score is 18 of 42
Answer Stats
Hint Answer % Correct
2,690,000 Abuja
100%
1,680,000 Benin City
100%
4,910,000 Kano
100%
15,070,000 Lagos
100%
3,190,000 Ibadan
94%
2,120,000 Port Harcourt
88%
1,040,000 Jos
75%
1,160,000 Aba
69%
1,850,000 Kaduna
63%
1,110,000 Maiduguri
63%
1,150,000 Onitsha
63%
1,080,000 Ilorin
56%
410,000 Oyo
56%
1,040,000 Sokoto
56%
980,000 Zaria
56%
950,000 Enugu
50%
540,000 Calabar
44%
400,000 Uyo
44%
910,000 Warri
44%
530,000 Bauchi
38%
560,000 Ife
38%
425,000 Minna
31%
430,000 Ogbomosho
31%
645,000 Oshogbo
31%
735,000 Abeokuta
25%
670,000 Katsina
25%
390,000 Makurdi
25%
545,000 Owerri
25%
435,000 Ado Ekiti
19%
730,000 Akure
19%
400,000 Bida
19%
365,000 Gboko
19%
360,000 Ijebu Ode
19%
375,000 Ondo
19%
370,000 Umuahia
19%
560,000 Gombe
13%
465,000 Ikare
13%
325,000 Ilesha
13%
410,000 Okene
13%
305,000 Sapele
6%
460,000 Yola
6%
365,000 Yenagoa
0%
No matching quizzes found
Score Distribution
Percent of People with Each Score
Percentile by Number Answered
Your Score History
You have not taken this quiz